| 000 | 00000nam##2200000za#4500 |
| 001 | 9.578927 |
| 003 | CaOODSP |
| 005 | 20210624190322 |
| 007 | cr ||||||||||| |
| 008 | 150406|1990||||xxc|||||o f|0| 0 eng|d |
| 022 | |a1488-5379 |
| 040 | |aCaOODSP|beng |
| 043 | |an-cn--- |
| 086 | 1 |aFs97-6/1759E-PDF |
| 110 | 1 |aCanada. |bDepartment of Fisheries and Oceans. |
| 245 | 14|aThe distribution, abundance, and feeding habits of chinook and coho salmon on the fishing banks off southwest Vancouver Island, May 23 - June 5, September 26 - 30, and October 23 - 30, 1988 / |h[electronic resource]|cby John F.T. Morris and M.C. Healey. |
| 260 | |aNanaimo - British Columbia : |bFisheries and Oceans Canada |c1990. |
| 300 | |a86p.|bfigs., references, tables |
| 490 | 1 |aCanadian technical report of fisheries and aquatic sciences|x1488-5379|vNo. 1759 |
| 500 | |aOn t.p.: Pacific Biological Station, Nanaimo, British Columbia. The catalogue number and ISSN for the print edition appear in the PDF version. |
| 546 | |a(Résumé en français) |
| 590 | |a14-05-Supp|b2014-02-26 |
| 720 | 1 |aMorris, J. F. T. |
| 720 | 1 |aHealy, M. C. |
| 830 | #0|aCanadian technical report of fisheries and aquatic sciences,|x1488-5379|vNo. 1759|w(CaOODSP)9.504449 |
| 856 | 40|ahttp://publications.gc.ca|qPDF|s1696 KB|uhttps://publications.gc.ca/collections/collection_2014/mpo-dfo/Fs97-6-1759-eng.pdf|yNo. 1759 |